| 000 -CABECERA |
| Campo de control de longitud fija |
02858nam a22003497a 4500 |
| 003 - IDENTIFICADOR DEL NÚMERO DE CONTROL |
| Campo de control |
OSt |
| 005 - FECHA Y HORA DE LA ÚLTIMA TRANSACCIÓN |
| Campo de control |
20260416143310.0 |
| 008 - CÓDIGOS DE INFORMACIÓN DE LONGITUD FIJA |
| Campo de control de longitud fija |
260414t2019 xxu||||| |||| 00| 0 spa d |
| 020 ## - NÚMERO INTERNACIONAL NORMALIZADO PARA LIBROS (ISBN) |
| Número Internacional Normalizado para Libros (ISBN) |
9788416045174 |
| 040 ## - FUENTE DE LA CATALOGACIÓN |
| Centro catalogador de origen |
Unicoc |
| Lengua de catalogación |
spa |
| Centro que cataloga |
Bogotá (Dr. David Ordóñez Rueda) - Campus Norte |
| Centro modificador |
Bogotá (Dr. David Ordóñez Rueda) - Campus Norte |
| 082 ## - NÚMERO DE LA CLASIFICACIÓN DECIMAL DEWEY |
| Número de clasificación |
617.63 |
| 100 ## - PUNTO DE ACCESO PRINCIPAL - NOMBRE DE PERSONA |
| 9 (RLIN) |
12590 |
| Nombre de persona |
Granero Marín, José Manuel |
| 245 ## - MENCIÓN DE TÍTULO |
| Título |
Patología Dental |
| Subtitulo o Resto del título |
: Prontuario |
| Mención de responsabilidad etc. |
/ José Manuel Granero Marín |
| 250 ## - MENCIÓN DE EDICIÓN |
| Mención de edición |
1 Ed. |
| 260 ## - PUBLICATION, DISTRIBUTION, ETC. (IMPRINT) |
| Lugar de publicación distribución etc. |
España : |
| Nombre del editor distribuidor etc. |
Universidad Católica San Antonio , |
| Fecha de publicación distribución etc. |
2019 |
| 300 ## - DESCRIPCIÓN FÍSICA |
| Extensión |
222 páginas |
| 500 ## - NOTA GENERAL |
| Nota general |
Incluye Bibliografía |
| 505 ## - NOTA DE CONTENIDO CON FORMATO |
| Título |
Parte I. Patología dental de origen embrionario. -- |
| -- |
Capítulo 1. Anomalías de la histodiferenciación dental. -- |
| -- |
Capítulo 2. Anomalías de la morfodiferenciación dental. -- |
| -- |
Parte II. Patología dental de origen biológico. -- |
| -- |
Capítulo 3. Discoloraciones dentales. -- |
| -- |
Capítulo 4. Crecimiento reactivo de los tejidos duros dentarios. -- |
| -- |
Capítulo 5. Procesos consuntivos del diente de origen físico y químico. -- |
| -- |
Capítulo 6. Procesos consuntivos del diente de origen celular. -- |
| -- |
Parte III. Patología dental de origen infeccioso. -- |
| -- |
Capítulo 7. Introducción a la cariología. -- |
| -- |
Capítulo 8. Biofilms relacionados con la etiología de la caries. -- |
| -- |
Capítulo 9. Elementos de la dieta relacionados con la etiología y patogenia de la caries. -- |
| -- |
Capítulo 10. Alteraciones estructurales en la lesión por caries. -- |
| -- |
Capítulo 11. Interacciones entre los tejidos dentales y los fluidos orale. -- |
| -- |
Capítulo 12. Manifestaciones clínicas de la caries dental. Diagnóstico y pronóstico. -- |
| -- |
Capítulo 13. Diagnóstico radiológico de caries y otros procedimientos diagnósticos. -- |
| -- |
Parte IV. Patología dental de origen traumático. -- |
| -- |
Capítulo 14. Generalidades de los traumatismos dentoalveolares. -- |
| -- |
Capítulo 15. Fracturas dentoalveolares en dentición permanente. -- |
| -- |
Capítulo 16. Lesiones traumáticas con afectación periodontal en dentición permanente. -- |
| -- |
Capítulo 17. Fracturas dentoalveolares en dentición temporal. -- |
| -- |
Capítulo 18. Lesiones traumáticas con afectación periodontal en dentición temporal. -- |
| -- |
19.Protectores bucales. |
| 526 ## - NOTA DE INFORMACIÓN SOBRE EL PROGRAMA DE ESTUDIO |
| Institución que aplica el campo |
Unicoc |
| 546 ## - NOTA DE LENGUA |
| Nota de lengua |
Español |
| 650 #0 - PUNTO DE ACCESO ADICIONAL DE MATERIA - TÉRMINO DE MATERIA |
| 9 (RLIN) |
11028 |
| Término de materia o nombre geográfico como elemento inicial |
Patología Bucal |
| Subdivisión de forma |
Origen embrionario |
| 650 #0 - PUNTO DE ACCESO ADICIONAL DE MATERIA - TÉRMINO DE MATERIA |
| 9 (RLIN) |
6510 |
| Término de materia o nombre geográfico como elemento inicial |
Enfermedades de la boca. |
| 650 #0 - PUNTO DE ACCESO ADICIONAL DE MATERIA - TÉRMINO DE MATERIA |
| 9 (RLIN) |
12946 |
| Término de materia o nombre geográfico como elemento inicial |
Patología dental |
| 650 #0 - PUNTO DE ACCESO ADICIONAL DE MATERIA - TÉRMINO DE MATERIA |
| 9 (RLIN) |
577 |
| Término de materia o nombre geográfico como elemento inicial |
Enfermedades de los dientes. |
| 658 #0 - TÉRMINO DE INDIZACIÓN - OBJETIVO CURRICULAR |
| 9 (RLIN) |
8315 |
| Programa Académico |
Programa de Odontología |
| 658 #0 - TÉRMINO DE INDIZACIÓN - OBJETIVO CURRICULAR |
| 9 (RLIN) |
8071 |
| Programa Académico |
Especialización en Endodoncia |
| 700 ## - PUNTO DE ACCESO ADICIONAL - NOMBRE DE PERSONA |
| 9 (RLIN) |
12943 |
| Nombre de persona |
Jiménez Soto, Raúl |
| 700 ## - PUNTO DE ACCESO ADICIONAL - NOMBRE DE PERSONA |
| 9 (RLIN) |
12944 |
| Nombre de persona |
Riera Álvarez, Diego |
| 700 ## - PUNTO DE ACCESO ADICIONAL - NOMBRE DE PERSONA |
| 9 (RLIN) |
12945 |
| Nombre de persona |
Melendreras Ruiz, Raúl |
| 856 ## - LOCALIZACIÓN Y ACCESO ELECTRÓNICOS |
| Texto del enlace |
Acceso online exclusivo para comunidad Unicoc. |
| Identificador Uniforme del Recurso (URI) |
https://unicoceduco-my.sharepoint.com/:b:/g/personal/direccionbiblioteca_unicoc_edu_co/IQBCHT_cGH5iSp6d28ZRlWWeAek0AOrnS-UiaHiAuY_WN7c |
| 942 ## - ENTRADA PARA ELEMENTOS AGREGADOS (KOHA) |
| Fuente de clasificación o esquema de ordenación en estanterías |
|
| Koha [por defecto] tipo de item |
Libro electrónico |